[Event "Lansing (MI Op/6/11)"]
[Site "?"]
[Date "1987.??.??"]
[Round "?"]
[White "Kitts, Gary"]
[Black "Jarosz, Stan"]
[Result "1-0"]
[WhiteElo "2090"]
[BlackElo "2015"]
[PlyCount "105"]
[EventDate "1987.??.??"]

{6/(11)} 1. e4 e6 2. d4 d5 3. Nd2 c5 4. Ngf3 Nc6 5. exd5 exd5 6. dxc5 Bxc5 7.
Nb3 Bb6 8. Nfd4 Qf6 9. Be3 Nge7 10. Be2 O-O 11. O-O Bc7 12. c3 a6 13. Re1 Ne5
14. Nd2 N7g6 15. N2f3 Nf4 16. Nxe5 Nxe2+ 17. Nxe2 Bxe5 18. Bd4 Bd7 19. Bxe5
Qxe5 20. Nd4 Qd6 21. Qd2 Rfe8 22. Rxe8+ Rxe8 23. Re1 Kf8 24. Rxe8+ Kxe8 25. Qg5
Qe7 26. Qxe7+ Kxe7 27. f3 Kd6 28. Kf2 a5 29. Ke3 g6 30. Kd3 b6 31. b3 Kc5 32.
a3 Bc8 33. b4+ axb4 34. axb4+ Kd6 35. Ke3 Ba6 36. Nc2 Bf1 37. g3 g5 38. Kd4 Be2
39. f4 gxf4 40. gxf4 Bf3 41. Ne3 Ke6 42. f5+ Kd6 43. c4 dxc4 44. Nxc4+ Ke7 45.
Ke5 f6+ 46. Kf4 Be2 47. Nxb6 Kd6 48. Na4 Bd3 49. Nc3 Kc6 50. Ne4 Kb5 51. Nxf6
h6 52. Ne4 Kxb4 53. f6 1-0

[Event "Hazel Park (MCO/5/45)"]
[Site "?"]
[Date "1987.??.??"]
[Round "?"]
[White "Kezele, P.."]
[Black "Whitworth, M.."]
[Result "0-1"]
[WhiteElo "1605"]
[BlackElo "1605"]
[PlyCount "102"]
[EventDate "1987.??.??"]

{5/(45)} 1. d4 d5 2. c4 Nf6 3. Nc3 Bf5 4. e3 c6 5. a4 e6 6. Qb3 Qc7 7. Bd2 a5
8. cxd5 exd5 9. Rc1 Qd7 10. Nf3 Bb4 11. Ne5 Qe7 12. Be2 Ne4 13. Nxe4 Bxe4 14.
Bxb4 Qxb4+ 15. Rc3 Qxb3 16. Rxb3 Ra7 17. O-O Bc2 18. Ra3 O-O 19. Rc1 Bf5 20. g4
f6 21. Nd3 Bxd3 22. Bxd3 Nd7 23. Bb1 Nb6 24. Ba2 Rf7 25. Rc5 f5 26. gxf5 Rxf5
27. e4 Rg5+ 28. Kf1 Kf8 29. Rf3+ Ke7 30. Re3 Kd6 31. e5+ Ke6 32. b3 Nc8 33. Bb1
g6 34. f4 Rh5 35. h3 Ne7 36. Kg2 Nf5 37. Rd3 Rh4 38. Rc2 Rxf4 39. Rcd2 Ra8 40.
Rf3 Nh4+ 41. Kg3 Rxf3+ 42. Kxh4 Rxb3 43. Bc2 Rf3 44. Kg4 Raf8 45. Bd1 Rf1 46.
Kg3 Rg1+ 47. Kh2 Rgf1 48. Bg4+ Ke7 49. Rb2 R1f2+ 50. Rxf2 Rxf2+ 51. Kg3 Rd2 0-1

[Event "Hazel Park (MCO/6/45)"]
[Site "?"]
[Date "1987.??.??"]
[Round "?"]
[White "Kezele, P.."]
[Black "Moore, H.."]
[Result "1-0"]
[WhiteElo "1605"]
[BlackElo "1605"]
[PlyCount "77"]
[EventDate "1987.??.??"]

{6/(45)} 1. d4 g6 2. e4 Bg7 3. Bc4 e6 4. Nf3 Ne7 5. e5 d6 6. O-O O-O 7. Nc3 a6
8. Bf4 b5 9. exd6 cxd6 10. Bd3 Nbc6 11. Ne2 e5 12. dxe5 dxe5 13. Bg5 Qc7 14. c3
Nf5 15. Rc1 h6 16. Bd2 Rd8 17. Be4 Rb8 18. Rc2 Na5 19. b3 Qe7 20. Ne1 Be6 21.
f4 Qh4 22. Nf3 Qe7 23. Nxe5 Qc5+ 24. Kh1 Ne3 25. Bxe3 Qxe3 26. Rf3 Qb6 27. Nd4
Bxe5 28. fxe5 Bg4 29. Rf4 h5 30. h3 f5 31. Bd3 g5 32. Rff2 Qc5 33. b4 Qxe5 34.
hxg4 Qg3 35. bxa5 Re8 36. Nxf5 Qe5 37. Nh6+ Kg7 38. Rf7+ Kh8 39. Rh7# 1-0

[Event "Hazel Park (MCO/3/32)"]
[Site "?"]
[Date "1987.??.??"]
[Round "?"]
[White "Kezele, P.."]
[Black "Lynch, W.."]
[Result "0-1"]
[WhiteElo "1605"]
[BlackElo "1755"]
[PlyCount "52"]
[EventDate "1987.??.??"]

{3/(32)} 1. d4 Nf6 2. c4 e6 3. Nc3 Bb4 4. Qc2 O-O 5. Bd2 c5 6. a3 Bxc3 7. Bxc3
cxd4 8. Bxd4 d6 9. e4 Nbd7 10. Nf3 b6 11. Rd1 Qc7 12. Bd3 Bb7 13. Nd2 Rac8 14.
b4 d5 15. O-O dxe4 16. Nxe4 Nxe4 17. Bxe4 Bxe4 18. Qxe4 Qxc4 19. Rfe1 Rfd8 20.
Qg4 e5 21. Re4 Nf6 22. Qe2 Nxe4 23. Qxe4 Rxd4 24. Qe2 Rxd1+ 25. Qxd1 Qc1 26.
Qf1 Qxa3 0-1

[Event "Hazel Park (MCO/2/41)"]
[Site "?"]
[Date "1987.??.??"]
[Round "?"]
[White "Kelly, M.."]
[Black "Watson, Terry"]
[Result "0-1"]
[WhiteElo "1605"]
[BlackElo "1655"]
[PlyCount "54"]
[EventDate "1987.??.??"]

{2/(41)} 1. e4 c5 2. Nf3 d6 3. Nc3 Nf6 4. Bc4 e6 5. O-O Be7 6. d3 O-O 7. Re1
Bd7 8. Bg5 a6 9. h3 b5 10. Bb3 Qc7 11. a3 Nc6 12. Rb1 Nd4 13. Nxd4 cxd4 14. Ne2
e5 15. c3 Rfe8 16. cxd4 Nxe4 17. Bxe7 Nxf2 18. Kxf2 Rxe7 19. Kg1 Qb6 20. Kh1
Kh8 21. dxe5 Rxe5 22. Bxf7 Rf8 23. Ba2 Rf2 24. Rf1 Rh5 25. Ng1 Bxh3 26. Nxh3
Rxh3+ 27. gxh3 Qc6+ 0-1

[Event "Hazel Park (MCO/3/46)"]
[Site "?"]
[Date "1987.??.??"]
[Round "?"]
[White "Kelly, M.."]
[Black "Traves, W.."]
[Result "0-1"]
[WhiteElo "1605"]
[BlackElo "1775"]
[PlyCount "46"]
[EventDate "1987.??.??"]

{3/(46)} 1. e4 e6 2. d4 d5 3. exd5 exd5 4. Nc3 c6 5. Nf3 Bd6 6. Be2 Nf6 7. O-O
Be6 8. Bg5 Nbd7 9. Re1 Qc7 10. Rb1 O-O 11. Bd3 Rae8 12. h3 h6 13. Bxf6 Nxf6 14.
Re2 Bd7 15. Re1 Rxe1+ 16. Qxe1 Re8 17. Qd2 Ne4 18. Qe1 Bb4 19. Ne5 Nxc3 20.
bxc3 Bd6 21. Qd2 Bxe5 22. dxe5 Rxe5 23. Qf4 Re1+ 0-1

[Event "Hazel Park (MCO/5/51)"]
[Site "?"]
[Date "1987.??.??"]
[Round "?"]
[White "Kelly, M.."]
[Black "Drissman, S.."]
[Result "1-0"]
[WhiteElo "1605"]
[BlackElo "1605"]
[PlyCount "53"]
[EventDate "1987.??.??"]

{5/(51)} 1. e4 e5 2. Nf3 d6 3. Nc3 Bg4 4. Be2 Nf6 5. d3 Be7 6. O-O O-O 7. Bg5
Nc6 8. h3 Be6 9. d4 exd4 10. Nxd4 Nxd4 11. Qxd4 c5 12. Qd2 h6 13. Bf4 d5 14.
exd5 Nxd5 15. Nxd5 Bxd5 16. Rad1 Qd7 17. Qxd5 Rad8 18. Qxd7 Rxd7 19. Rxd7 Re8
20. Bf3 b6 21. Re1 Kf8 22. Rxa7 g5 23. Bg3 Bf6 24. Bd6+ Kg7 25. Rxe8 Bxb2 26.
Bh5 Bd4 27. Rxf7# 1-0

[Event "Hazel Park (MCO/3/31)"]
[Site "?"]
[Date "1987.??.??"]
[Round "?"]
[White "Keeley, G.."]
[Black "Steen, Harold"]
[Result "0-1"]
[WhiteElo "1605"]
[BlackElo "1795"]
[PlyCount "106"]
[EventDate "1987.??.??"]

{3/(31)} 1. e4 d6 2. Nf3 Nf6 3. Nc3 g6 4. Bc4 Bg7 5. Bb3 a6 6. d3 b5 7. Nd5 Bb7
8. Nxf6+ Bxf6 9. O-O a5 10. a3 O-O 11. c3 Nd7 12. Be3 c5 13. Bc2 Qc7 14. Bg5
Rac8 15. Re1 b4 16. Bxf6 Nxf6 17. axb4 cxb4 18. c4 Nd7 19. b3 Nc5 20. d4 Nd7
21. Qd2 e5 22. h3 Ba8 23. Rad1 Rfd8 24. Qh6 f6 25. Nh4 Nf8 26. Rd3 Rd7 27. Rg3
Rg7 28. Ree3 Qe7 29. d5 a4 30. bxa4 Rxc4 31. Bb3 Rd4 32. Rg4 Bb7 33. Reg3 Bc8
34. Nf5 Bxf5 35. exf5 Rxg4 36. Rxg4 gxf5 37. Rxg7+ Qxg7 38. Qxg7+ Kxg7 39. a5
Nd7 40. a6 Nb6 41. a7 Kf7 42. Bc2 e4 43. f3 exf3 44. gxf3 f4 45. Bf5 Ke7 46.
Bxh7 Kf7 47. Kf2 Kg7 48. Bf5 Kh6 49. Ke2 Kg5 50. Be6 b3 51. Bg8 b2 52. Bh7 f5
53. h4+ Kf6 0-1

[Event "Hazel Park (MCO/1/21)"]
[Site "?"]
[Date "1987.??.??"]
[Round "?"]
[White "Keeley, G.."]
[Black "Moody, David"]
[Result "0-1"]
[WhiteElo "1605"]
[BlackElo "1995"]
[PlyCount "58"]
[EventDate "1987.??.??"]

{1/(21)} 1. e4 e5 2. Nf3 Nc6 3. Bb5 a6 4. Bxc6 dxc6 5. O-O Qd6 6. Nc3 Ne7 7. d4
exd4 8. Nxd4 Bd7 9. f4 O-O-O 10. Be3 Qg6 11. f5 Qf6 12. Nb3 Ng8 13. Qe1 Nh6 14.
Qg3 Bd6 15. Bf4 Rhe8 16. Rae1 Be5 17. Nc5 Bd4+ 18. Be3 Nxf5 19. Nxd7 Nxg3 20.
Nxf6 Nxf1 21. Nxe8 Nxe3 22. Ne2 Nxc2+ 23. Nxd4 Nxe1 24. Kf1 Rxd4 25. Nxg7 Rxe4
26. Nh5 Nd3 27. g3 Nxb2 28. Nf6 Re5 29. Nxh7 Rh5 0-1

[Event "Allendale (MI Am/1/6)"]
[Site "?"]
[Date "1987.??.??"]
[Round "?"]
[White "Keeley, G.."]
[Black "Kung, Fred"]
[Result "1/2-1/2"]
[WhiteElo "1605"]
[BlackElo "1905"]
[PlyCount "37"]
[EventDate "1987.??.??"]

{1/(6)} 1. e4 e5 2. Nf3 Nc6 3. Bb5 a6 4. Bxc6 dxc6 5. O-O f6 6. d4 Bg4 7. h3
Bxf3 8. Qxf3 exd4 9. Rd1 Qd7 10. c3 c5 11. cxd4 cxd4 12. Nc3 Ne7 13. Nd5 Nxd5
14. Rxd4 Bd6 15. Rxd5 O-O 16. Bf4 Qe6 17. Bxd6 cxd6 18. Qf5 Qxf5 19. exf5
1/2-1/2

[Event "Hazel Park (MCO/5/38)"]
[Site "?"]
[Date "1987.??.??"]
[Round "?"]
[White "Keeley, G.."]
[Black "June, Brian"]
[Result "0-1"]
[WhiteElo "1605"]
[BlackElo "1605"]
[PlyCount "82"]
[EventDate "1987.??.??"]

{5/(38)} 1. e4 c5 2. Nf3 Nc6 3. d4 cxd4 4. Nxd4 e5 5. Nb5 a6 6. Nd6+ Bxd6 7.
Qxd6 Qf6 8. Qd2 Nge7 9. Bc4 b5 10. Bd5 Bb7 11. c3 Nxd5 12. exd5 Ne7 13. O-O
Nxd5 14. Rd1 Qc6 15. Qg5 O-O 16. f3 f6 17. Qg3 Rae8 18. Bh6 Rf7 19. Nd2 Kh8 20.
Ne4 gxh6 21. b3 Rg8 22. Qf2 Nf4 23. Rd6 Nh3+ 24. Kf1 Nxf2 25. Rxc6 Bxc6 26.
Nxf2 d5 27. Ng4 Rxg4 28. fxg4 f5 29. gxf5 Rxf5+ 30. Ke2 Rf4 31. g3 Rf5 32. Rd1
Kg7 33. Ke3 Kf6 34. c4 bxc4 35. bxc4 d4+ 36. Kd3 Ke6 37. g4 Rf2 38. Rd2 Rxd2+
39. Kxd2 e4 40. a3 Kd6 41. h4 Kc5 0-1

[Event "Allendale (MI Am/4/11)"]
[Site "?"]
[Date "1987.??.??"]
[Round "?"]
[White "Keeley, G.."]
[Black "Griffin, John"]
[Result "0-1"]
[WhiteElo "1605"]
[BlackElo "1605"]
[PlyCount "88"]
[EventDate "1987.??.??"]

{4/(11)} 1. e4 c5 2. Nf3 Nc6 3. d4 cxd4 4. Nxd4 Nf6 5. Nc3 e5 6. Ndb5 d6 7. Nd5
Nxd5 8. Qxd5 Be6 9. Qd3 a6 10. Nc3 Be7 11. Nd5 Rc8 12. Be3 Bxd5 13. Qxd5 Nb4
14. Bb5+ Kf8 15. Qxb7 axb5 16. O-O Rb8 17. Qa7 Nc6 18. Qa3 Qa5 19. Qb3 Qa4 20.
Qc3 Qc4 21. Bd2 Qxc3 22. Bxc3 f6 23. a3 Kf7 24. f4 b4 25. axb4 Nxb4 26. fxe5
Kg6 27. e6 Nc6 28. Rf4 h6 29. Raf1 Nd8 30. Rg4+ Kh7 31. Rf3 Nxe6 32. e5 dxe5
33. Bxe5 fxe5 34. Rf7 Bc5+ 35. Kh1 Rhf8 36. Rf3 Rxf3 37. gxf3 Rxb2 38. Re4 Nf4
39. Re1 Rxc2 40. h4 Rf2 41. Rxe5 Bd6 42. Re1 Rxf3 43. Kg1 Bc5+ 44. Kh2 Rh3# 0-1

[Event "Lansing (MI Op/3/3)"]
[Site "?"]
[Date "1987.??.??"]
[Round "?"]
[White "Kebrdle, M.."]
[Black "Thompson, Dexter"]
[Result "1/2-1/2"]
[WhiteElo "2095"]
[BlackElo "2245"]
[PlyCount "120"]
[EventDate "1987.??.??"]

{3/(3)} 1. d4 Nf6 2. c4 e5 3. dxe5 Ng4 4. Nf3 Nc6 5. Nc3 Bc5 6. e3 Ngxe5 7. Be2
O-O 8. O-O d6 9. a3 a5 10. b3 Re8 11. Bb2 Nxf3+ 12. Bxf3 Ne5 13. Na4 Ba7 14.
Bxe5 Rxe5 15. b4 c6 16. c5 d5 17. Qd4 Rf5 18. Bg4 Rg5 19. Bxc8 Qxc8 20. f4 Rg6
21. f5 Rg5 22. Qf4 f6 23. Qf3 Qc7 24. Ra2 Re8 25. Nc3 Qe5 26. Nd1 b6 27. g3
bxc5 28. Re2 Qe4 29. Qxe4 Rxe4 30. bxc5 Bxc5 31. Rc2 Rc4 32. Rxc4 dxc4 33. Rf4
c3 34. Rc4 Rxf5 35. Rxc3 Kf7 36. Kg2 Ke7 37. Nf2 Kd7 38. g4 Re5 39. Nd3 Bd6 40.
Nxe5+ Bxe5 41. Rc5 Bc7 42. Kf3 Kd6 43. Rh5 h6 44. Ke4 a4 45. Kd3 Bb6 46. e4 Bc5
47. Kc4 Bxa3 48. Ra5 Bc1 49. Rxa4 Ke5 50. Kd3 c5 51. Ra5 Kd6 52. Ra7 Ke5 53.
Rxg7 Bg5 54. Rc7 Kf4 55. Rxc5 Kxg4 56. e5 fxe5 57. Rxe5 Kh3 58. Ke4 Kxh2 59.
Rxg5 hxg5 60. Kf5 g4 1/2-1/2

[Event "Lansing (MI Op/5/13)"]
[Site "?"]
[Date "1987.??.??"]
[Round "?"]
[White "Kebrdle, M.."]
[Black "Stefanski, Mark"]
[Result "1-0"]
[WhiteElo "2095"]
[BlackElo "1825"]
[PlyCount "57"]
[EventDate "1987.??.??"]

{5/(13)} 1. d4 Nf6 2. c4 e6 3. Nc3 d5 4. Bg5 Nbd7 5. e3 a6 6. cxd5 exd5 7. Nxd5
c6 8. Nc3 Qa5 9. Bxf6 Nxf6 10. Bd3 Bb4 11. Nge2 Nd5 12. Qc2 Bg4 13. O-O Bd6 14.
Nxd5 Qxd5 15. e4 Qh5 16. e5 Bc7 17. Ng3 Qh4 18. d5 O-O 19. dxc6 bxc6 20. Rfe1
Bb6 21. Qxc6 Rab8 22. Qe4 f5 23. exf6 Bxf2+ 24. Kxf2 Qxh2 25. Qxg4 Rxf6+ 26.
Nf5 Rxb2+ 27. Re2 Rxe2+ 28. Bxe2 g6 29. Qc4+ 1-0

[Event "Lansing (MI Op/2/12)"]
[Site "?"]
[Date "1987.??.??"]
[Round "?"]
[White "Kebrdle, M.."]
[Black "Schweikert, G.."]
[Result "1-0"]
[WhiteElo "2095"]
[BlackElo "1925"]
[PlyCount "77"]
[EventDate "1987.??.??"]

{2/(12)} 1. d4 e6 2. c4 d5 3. Nc3 c5 4. Nf3 Nc6 5. cxd5 exd5 6. g3 Nf6 7. Bg2
Be7 8. O-O O-O 9. Bg5 cxd4 10. Nxd4 h6 11. Bf4 Bg4 12. h3 Be6 13. Qd2 Qd7 14.
Kh2 Rfe8 15. Rfd1 a6 16. Rac1 Rad8 17. Na4 Nxd4 18. Qxd4 Ne4 19. Rc7 Qb5 20.
Rxe7 Rxe7 21. Bxe4 Bxh3 22. Nc3 Qd7 23. Qxd5 Qxd5 24. Bxd5 Be6 25. Bxe6 Rxd1
26. Nxd1 Rxe6 27. Nc3 b5 28. a3 g5 29. Bc7 g4 30. Kg2 Kg7 31. e4 Kg6 32. f4 f5
33. e5 Rc6 34. Bd6 Kf7 35. Kf2 h5 36. Ke3 Rc4 37. Kd3 Ke6 38. b3 h4 39. bxc4
1-0

[Event "Lansing (MI Op/7/15)"]
[Site "?"]
[Date "1987.??.??"]
[Round "?"]
[White "Kebrdle, M.."]
[Black "Handelsman, B.."]
[Result "1-0"]
[WhiteElo "2095"]
[BlackElo "1905"]
[PlyCount "23"]
[EventDate "1987.??.??"]

{7/(15)} 1. d4 Nf6 2. Nf3 e6 3. e3 b6 4. Bd3 Ba6 5. c4 d5 6. Nbd2 Bd6 7. O-O
O-O 8. Qc2 c5 9. e4 dxe4 10. Nxe4 Bb7 11. Nxf6+ Qxf6 12. Bg5 1-0

[Event "Hazel Park (MCO/2/46)"]
[Site "?"]
[Date "1987.??.??"]
[Round "?"]
[White "June, Brian"]
[Black "Tracz, J.."]
[Result "1-0"]
[WhiteElo "1605"]
[BlackElo "1605"]
[PlyCount "67"]
[EventDate "1987.??.??"]

{2/(46)} 1. d4 Nf6 2. Nf3 g6 3. e3 Bg7 4. Bd3 c5 5. c3 Nc6 6. O-O b6 7. Nbd2
Bb7 8. Re1 Qc7 9. e4 cxd4 10. cxd4 Nb4 11. Bc4 Nxe4 12. Bxf7+ Kxf7 13. Qb3+ Ke8
14. Qxb4 Qd6 15. Qxd6 Nxd6 16. Nf1 Bxf3 17. gxf3 Bxd4 18. Bg5 e6 19. Rad1 Bc5
20. Ne3 Rf8 21. Nd5 Kf7 22. Nf6 h6 23. Nxd7 hxg5 24. Nxc5 bxc5 25. Rxd6 Rae8
26. Rc6 Kg7 27. Kg2 Rf5 28. Rexe6 Rxe6 29. Rxe6 Kf7 30. Ra6 Rd5 31. Rxa7+ Ke6
32. Ra6+ Rd6 33. Rxd6+ Kxd6 34. Kf1 1-0

[Event "Hazel Park (MCO/6/28)"]
[Site "?"]
[Date "1987.??.??"]
[Round "?"]
[White "June, Brian"]
[Black "Roberts, Kenneth"]
[Result "1/2-1/2"]
[WhiteElo "1605"]
[BlackElo "1700"]
[PlyCount "52"]
[EventDate "1987.??.??"]

{6/(28)} 1. d4 Nf6 2. Nf3 e6 3. e3 Be7 4. Bd3 b6 5. O-O Bb7 6. Nbd2 d5 7. b3
O-O 8. c4 c5 9. Bb2 Nbd7 10. Re1 Rc8 11. cxd5 Nxd5 12. Nc4 cxd4 13. Bxd4 Bf6
14. Nd6 Rc7 15. Nxb7 Rxb7 16. Bxf6 N7xf6 17. Qd2 Rd7 18. Ne5 Rd6 19. f3 Ne7 20.
Qc2 Ned5 21. a3 h6 22. Rac1 Ne7 23. Qc7 Nd7 24. Nxd7 Rxd7 25. Qxd8 Rfxd8 26.
Bc2 Kf8 1/2-1/2

[Event "Hazel Park (MCO/4/40)"]
[Site "?"]
[Date "1987.??.??"]
[Round "?"]
[White "June, Brian"]
[Black "McCarter, Robert"]
[Result "1/2-1/2"]
[WhiteElo "1605"]
[BlackElo "1630"]
[PlyCount "127"]
[EventDate "1987.??.??"]

{4/(40)} 1. d4 Nf6 2. Nf3 e6 3. e3 d5 4. Bd3 c5 5. c3 Bd6 6. O-O O-O 7. Re1 Nc6
8. Nbd2 Qc7 9. e4 dxe4 10. Nxe4 Nxe4 11. Bxe4 cxd4 12. Bxc6 Qxc6 13. Nxd4 Qd5
14. Be3 Be7 15. a4 a6 16. Qe2 e5 17. Nf3 Qe6 18. Ng5 Bxg5 19. Bxg5 f6 20. Be3
Bd7 21. a5 Bb5 22. Qc2 Rfd8 23. Red1 e4 24. Bb6 Bd3 25. Qc1 Rdc8 26. Re1 Qc4
27. Qd1 Re8 28. Ra4 Qc6 29. Qb3+ Qe6 30. Qxe6+ Rxe6 31. Rd4 Rae8 32. Re3 f5 33.
f4 Kf7 34. b4 Rc8 35. Bc5 Rec6 36. Rd7+ Kg6 37. Rxb7 Rxc5 38. bxc5 Rxc5 39.
Rb6+ Kf7 40. Rb3 Rxa5 41. g3 Ra1+ 42. Kf2 a5 43. Rxd3 exd3 44. Ke3 a4 45. Rb7+
Kg6 46. Kxd3 a3 47. Ra7 Ra2 48. c4 Rxh2 49. Rxa3 Rg2 50. Kd4 Rd2+ 51. Rd3 Rxd3+
52. Kxd3 Kf6 53. Kd4 Ke6 54. c5 g6 55. c6 Kd6 56. c7 Kxc7 57. Ke5 Kd7 58. Kf6
Ke8 59. Kg7 Ke7 60. Kxh7 Kf7 61. Kh6 Kf6 62. Kh7 g5 63. Kh6 gxf4 64. gxf4
1/2-1/2

[Event "Hazel Park (MCO/4/36)"]
[Site "?"]
[Date "1987.??.??"]
[Round "?"]
[White "Jonik, Henry"]
[Black "Nikitin, Mike"]
[Result "1-0"]
[WhiteElo "1710"]
[BlackElo "1605"]
[PlyCount "63"]
[EventDate "1987.??.??"]

{4/(36)} 1. e4 e6 2. d4 d5 3. e5 c5 4. c3 Nc6 5. a3 f6 6. Bb5 Bd7 7. Bxc6 Bxc6
8. Nf3 Qd7 9. O-O Ne7 10. exf6 gxf6 11. dxc5 O-O-O 12. Bf4 Ng6 13. Be3 e5 14.
b4 h5 15. a4 a6 16. Qc2 e4 17. Nd4 Bh6 18. Qb3 Ne5 19. b5 Nf3+ 20. Nxf3 exf3
21. bxc6 bxc6 22. Nd2 Rdg8 23. Rab1 Rxg2+ 24. Kh1 Qc7 25. Nxf3 Bxe3 26. fxe3
Rhg8 27. Rg1 R2g4 28. Qc2 Qg7 29. Qf5+ Kc7 30. Qxh5 Qg6 31. Qxg6 R8xg6 32. Nd4
1-0

[Event "Hazel Park (MCO/6/34)"]
[Site "?"]
[Date "1987.??.??"]
[Round "?"]
[White "Jonik, Henry"]
[Black "Miller, Dan"]
[Result "1-0"]
[WhiteElo "1710"]
[BlackElo "1605"]
[PlyCount "71"]
[EventDate "1987.??.??"]

{6/(34)} 1. e4 Nf6 2. e5 Nd5 3. d4 f6 4. f4 fxe5 5. fxe5 e6 6. Nf3 Be7 7. Bd3
Bh4+ 8. g3 Be7 9. O-O O-O 10. c3 b6 11. Na3 Bxa3 12. bxa3 Na6 13. c4 Ne7 14.
Bg5 c5 15. Qc2 g6 16. Be4 Rb8 17. d5 Qe8 18. Bxe7 Qxe7 19. d6 Qe8 20. Ng5 Bb7
21. Rxf8+ Qxf8 22. Rf1 Qd8 23. Nf7 Bxe4 24. Qxe4 Qe8 25. Rf6 Qxf7 26. Rxf7 Kxf7
27. Qf4+ Kg7 28. Qf6+ Kh6 29. h4 b5 30. cxb5 Rxb5 31. g4 Rb1+ 32. Kf2 Rb8 33.
Qe7 c4 34. Kg3 c3 35. g5+ Kh5 36. Qxh7# 1-0

[Event "Hazel Park (MCO/1/1)"]
[Site "?"]
[Date "1987.??.??"]
[Round "?"]
[White "Jonik, Henry"]
[Black "Finegold, Ben"]
[Result "0-1"]
[WhiteElo "1710"]
[BlackElo "2445"]
[PlyCount "44"]
[EventDate "1987.??.??"]

{1/(1)} 1. e4 e6 2. f4 d5 3. e5 c5 4. c3 Nc6 5. Bb5 Bd7 6. Nf3 Nge7 7. O-O Nxe5
8. fxe5 Bxb5 9. Re1 Bd3 10. Qa4+ Nc6 11. Re3 c4 12. Kh1 Bc5 13. Nd4 Qd7 14.
Nxc6 Bxe3 15. dxe3 Qxc6 16. Qd1 O-O 17. Nd2 f6 18. h3 fxe5 19. Qg4 Rf6 20. Nf3
Be2 21. Qg3 Bxf3 22. gxf3 Raf8 0-1

[Event "Hazel Park (MCO/4/45)"]
[Site "?"]
[Date "1987.??.??"]
[Round "?"]
[White "Jones, D.."]
[Black "Revenaugh, J.."]
[Result "0-1"]
[WhiteElo "1605"]
[BlackElo "1605"]
[PlyCount "110"]
[EventDate "1987.??.??"]

{4/(45)} 1. e4 c6 2. Nc3 e5 3. Nf3 d6 4. Bc4 Be7 5. d3 Bg4 6. h3 Bh5 7. g4 Bg6
8. Be3 Nf6 9. Qd2 Nfd7 10. O-O-O Nb6 11. Bb3 N8d7 12. h4 h6 13. h5 Bh7 14. d4
exd4 15. Qxd4 Bf6 16. Qxd6 Bxc3 17. bxc3 Bxe4 18. Ne5 Nxe5 19. Qxe5+ Qe7 20.
Qxe7+ Kxe7 21. Rhe1 Bf3 22. Bc5+ Kf6 23. Rd6+ Kg5 24. Re5+ Kh4 25. Rd3 Bd5 26.
Be7+ f6 27. Re1 Bxb3 28. cxb3 Rhe8 29. Ree3 Nd5 30. Rh3+ Kg5 31. Bd6 Re4 32. f3
Re6 33. f4+ Nxf4 34. Bxf4+ Kxf4 35. Rhf3+ Kg5 36. Rf5+ Kxg4 37. Rf1 Rae8 38.
Rd4+ Kxh5 39. Rg1 Re1+ 40. Rxe1 Rxe1+ 41. Kb2 Re7 42. Rd1 g5 43. Rh1+ Kg6 44.
c4 c5 45. a4 b6 46. Rd1 h5 47. Rd8 h4 48. Rg8+ Kh7 49. Rd8 h3 50. Rd1 g4 51.
Rf1 h2 52. Kc3 g3 53. Rh1 Re2 54. Kd3 Rg2 55. Ke4 Rg1 0-1

[Event "Hazel Park (MCO/6/43)"]
[Site "?"]
[Date "1987.??.??"]
[Round "?"]
[White "Jones, D.."]
[Black "Keeley, G.."]
[Result "0-1"]
[WhiteElo "1605"]
[BlackElo "1605"]
[PlyCount "58"]
[EventDate "1987.??.??"]

{6/(43)} 1. e4 e5 2. Nf3 Nc6 3. Bc4 Bc5 4. c3 Nf6 5. d4 exd4 6. cxd4 Bb4+ 7.
Bd2 Bxd2+ 8. Nbxd2 Nxe4 9. Qe2 O-O 10. Qxe4 d5 11. Bxd5 Re8 12. Ne5 Nxe5 13.
dxe5 Be6 14. Bxe6 Rxe6 15. O-O f6 16. Nf3 fxe5 17. Nxe5 Qe7 18. Qxb7 Rf8 19.
Nc6 Qf6 20. Nxa7 Re2 21. f3 Qh4 22. Qxc7 Rfe8 23. Qc1 Rxg2+ 24. Kxg2 Re2+ 25.
Rf2 Qxf2+ 26. Kh3 Qxf3+ 27. Kh4 Rxh2+ 28. Kg5 h6+ 29. Kg6 Rg2+ 0-1

[Event "Hazel Park (MCO/3/35)"]
[Site "?"]
[Date "1987.??.??"]
[Round "?"]
[White "Jones, D.."]
[Black "Johnson, H.."]
[Result "0-1"]
[WhiteElo "1605"]
[BlackElo "1755"]
[PlyCount "50"]
[EventDate "1987.??.??"]

{3/(35)} 1. e4 e5 2. Nf3 Nc6 3. Bc4 Bc5 4. c3 Qe7 5. d4 Bb6 6. O-O Nf6 7. Nbd2
d6 8. Qa4 O-O 9. d5 Nb8 10. Re1 Nbd7 11. Nb3 Ng4 12. Be3 Nxe3 13. fxe3 Qf6 14.
Nbd2 Qh6 15. Nf1 Nf6 16. h3 Nxe4 17. Rad1 f5 18. Qc2 Ng5 19. Nxg5 Qxg5 20. Kh1
f4 21. exf4 Rxf4 22. Bb3 Bxh3 23. g3 Bxf1 24. Rxf1 Qxg3 25. Rxf4 Qh3+ 0-1

[Event "Hazel Park (MCO/4/14)"]
[Site "?"]
[Date "1987.??.??"]
[Round "?"]
[White "Johnson, Richard"]
[Black "Lynch, W.."]
[Result "1-0"]
[WhiteElo "2030"]
[BlackElo "1755"]
[PlyCount "43"]
[EventDate "1987.??.??"]

{4/(14)} 1. d4 Nf6 2. c4 e6 3. g3 d5 4. Bg2 Nbd7 5. Nf3 c6 6. O-O Be7 7. cxd5
exd5 8. Nc3 Qc7 9. Qc2 O-O 10. Bf4 Qd8 11. Rac1 Re8 12. Nb5 Nb6 13. Nc7 Bg4 14.
Nxa8 Qxa8 15. Ne5 Nbd7 16. h3 Be6 17. Bg5 Bd6 18. f4 Ne4 19. Bxe4 dxe4 20. f5
Nxe5 21. fxe6 Rxe6 22. dxe5 1-0

[Event "Hazel Park (MCO/2/15)"]
[Site "?"]
[Date "1987.??.??"]
[Round "?"]
[White "Johnson, Richard"]
[Black "Lahr, Fred"]
[Result "0-1"]
[WhiteElo "2030"]
[BlackElo "1790"]
[PlyCount "117"]
[EventDate "1987.??.??"]

{2/(15)} 1. d4 Nf6 2. c4 g6 3. Nc3 d5 4. Nf3 Bg7 5. Qb3 dxc4 6. Qxc4 Be6 7.
Qb5+ Bd7 8. Qxb7 Nc6 9. Bf4 Rb8 10. Qxc7 Rxb2 11. Qxd8+ Kxd8 12. Rb1 Rxb1+ 13.
Nxb1 Nd5 14. Bd2 Nxd4 15. Ng5 Ke8 16. e4 Nf6 17. Bc4 e6 18. Bc3 Nb5 19. Bb2 Nd6
20. Nd2 h6 21. Ngf3 Bc6 22. Bd3 Nb7 23. Bd4 Ke7 24. Ke2 Rc8 25. Rb1 Nd8 26.
Bxa7 Nd7 27. Bd4 e5 28. Bc3 Ne6 29. Bb4+ Kd8 30. Ba5+ Ke8 31. Nc4 Nf4+ 32. Kd2
Ra8 33. Bf1 Nc5 34. Nfxe5 Bxe4 35. Nd6+ Ke7 36. Nxe4 Nxe4+ 37. Ke3 Rxa5 38.
Nc6+ Ke6 39. Nxa5 Nd5+ 40. Kd3 Nxf2+ 41. Kc4 Ne3+ 42. Kb5 Nfd1 43. Bc4+ Kf5 44.
Rc1 Bb2 45. Bd3+ Kg5 46. Rc5+ f5 47. Nc4 Bd4 48. Nxe3 Nxe3 49. Rc6 Nxg2 50. a4
Nf4 51. Bf1 Nd5 52. Ra6 Nc3+ 53. Kc4 Be5 54. Re6 Nxa4 55. Rxe5 Nb6+ 56. Kd3 Nd7
57. Re7 Nf6 58. Rf7 Ng4 {[No further moves given; 0-1, ??]} 59. h4+ 0-1

[Event "Hazel Park (MCO/6/5)"]
[Site "?"]
[Date "1987.??.??"]
[Round "?"]
[White "Johnson, Richard"]
[Black "Carroll, Deuvoy"]
[Result "0-1"]
[WhiteElo "2030"]
[BlackElo "2150"]
[PlyCount "100"]
[EventDate "1987.??.??"]

{6/(5)} 1. d4 Nf6 2. c4 e6 3. g3 Bb4+ 4. Bd2 Bxd2+ 5. Qxd2 d6 6. Nc3 Nbd7 7.
Bg2 e5 8. Nf3 O-O 9. dxe5 dxe5 10. O-O Qe7 11. Nd5 Nxd5 12. Qxd5 c6 13. Qd2 Nb6
14. Qc3 f6 15. b3 Bg4 16. Qe3 Rfd8 17. Rfd1 Rd7 18. Rd2 Bxf3 19. Bxf3 Rxd2 20.
Qxd2 Rd8 21. Qa5 Nc8 22. Bg4 a6 23. Bxc8 Rxc8 24. Rd1 Qc7 25. Qd2 Qe7 26. Qa5
Kf8 27. Qd2 Ke8 28. Qc2 g6 29. Rd3 Rd8 30. Re3 Qc5 31. Rd3 Ke7 32. Rxd8 Kxd8
33. Qd2+ Kc7 34. Qh6 Qe7 35. h4 a5 36. Kg2 b6 37. h5 g5 38. Kf3 Kd6 39. Ke4 Ke6
40. f4 exf4 41. gxf4 Kd6+ 42. Kf3 Kc5 43. e3 a4 44. bxa4 Kxc4 45. fxg5 fxg5 46.
Qxc6+ Kb4 47. Qe4+ Qxe4+ 48. Kxe4 Kxa4 49. Kf5 h6 50. Kg6 g4 0-1

[Event "Lansing (MI Op/6/15)"]
[Site "?"]
[Date "1987.??.??"]
[Round "?"]
[White "Johnson, Ri"]
[Black "Kung, Fred"]
[Result "0-1"]
[WhiteElo "2030"]
[BlackElo "1870"]
[PlyCount "80"]
[EventDate "1987.??.??"]

{6/(15)} 1. c4 e6 2. g3 d5 3. Bg2 c5 4. Nf3 Nc6 5. O-O Nf6 6. b3 d4 7. Bb2 Be7
8. e3 e5 9. exd4 exd4 10. d3 O-O 11. Na3 h6 12. Nc2 a5 13. a3 Bg4 14. Qd2 Qd7
15. Rfe1 Bf5 16. b4 axb4 17. axb4 Rxa1 18. Rxa1 b6 19. Ra6 Qc7 20. bxc5 bxc5
21. Nh4 Bd7 22. Ra1 Rb8 23. Ba3 Ne5 24. Nxd4 Nc6 25. Nb5 Qb6 26. Qe2 Bf8 27.
Bc1 Re8 28. Qb2 Nb4 29. Be3 Nxd3 30. Qd2 Ne5 31. Na3 Qa6 32. Ra2 Be6 33. Nb5
Qb6 34. Bf1 g5 35. f4 Nxc4 36. Qc3 Ne4 37. Qc2 Nxe3 38. Qxe4 Nxf1 39. f5 Bd7
40. Qb1 gxh4 0-1